Vos 100 séries préférées - Statistiques

Statistiques générales
  • Ce quiz a été pris 426 fois
  • Le résultat moyen est 10 sur 100
Statistiques - réponses
Réponses % Correct
1 Breaking Bad
64%
67 Prison Break
53%
32 Stranger Things
51%
12 The Walking Dead
48%
9 Friends
47%
56 Grey's Anatomy
36%
94 Gossip Girl
34%
42 Desperate Housewives
27%
99 Vampire Diaries
25%
13 Lost : Les Disparus
24%
23 Peaky Blinders
23%
18 Malcolm
21%
21 The Big Bang Theory
20%
22 Les Simpson
19%
29 Dr House
18%
76 Narcos
18%
33 Vikings
18%
8 Dexter
17%
15 How I Met Your Mother
17%
17 The Office
17%
53 Orange Is the New Black
15%
43 Better Call Saul
12%
69 Dark
12%
16 Doctor Who
12%
2 Game of Trones
12%
11 Les Soprano
12%
93 One Piece
12%
14 Black Mirror
11%
38 Buffy contre les vampires
11%
90 Les 100
11%
47 Rick et Morty
9%
10 Sherlock
9%
19 South Park
9%
37 X-Files : Aux frontières du réel
9%
46 American Horror Story
8%
89 Euphoria
8%
20 Oz
8%
73 Supernatural
8%
98 Dragon Ball Z
7%
57 Futurama
7%
36 House of Cards
7%
61 Shameless
7%
41 Sons of Anarchy
7%
54 Chernobyl
6%
5 Kaamelott
6%
52 L'Attaque des Titans
6%
25 Scrubs
6%
81 Batman
5%
62 BoJack Horseman
5%
95 Brooklyn Nine-Nine
5%
26 Mad Men
5%
35 Mr. Robot
5%
45 Sense8
5%
59 Stargate SG-1
5%
3 Sur écoute
5%
4 Twin Peaks
5%
60 Downton Abbey
4%
50 Hannibal
4%
49 Homeland
4%
86 Le Bureau des Légendes
4%
44 Rome
4%
64 Skins
4%
75 True Blood
4%
7 True Detective
4%
48 Westworld
4%
72 24 Heures Chrono
3%
84 Avatar : Le dernier maître de l'air
3%
65 Californication
3%
66 Death Note
3%
82 Fleabag
3%
58 Fringe
3%
63 Parks and Recreation
3%
6 Six pieds sous terre
3%
27 The Shield
3%
70 Boardwalk Empire
2%
39 Community
2%
30 Fargo
2%
77 Firefly
2%
80 La Quatrième Dimension
2%
100 Mindhunter
2%
51 Misfits
2%
96 Spartacus
2%
68 The Handmaid's Tale : La Servante écarlate
2%
28 The Leftovers
2%
34 Utopia
2%
88 À la Maison Blanche
1%
91 Arrested Development
1%
24 Battlestar Galactica
1%
31 Cowboy Bebop
1%
97 Daria
1%
40 Frères d'armes
1%
74 Fullmetal Alchemist : Brotherhood
1%
83 Le Prisonnier
1%
92 Marvel's Daredevil
1%
87 Monty Python's Flying Circus
1%
55 Neon Genesis Evangelion
1%
71 Samurai Champloo
1%
78 The IT Crowd
1%
79 Treme
1%
85 Hunter × Hunter
0%
Aucun quiz correspondant
Distribution des résultats
% des personnes avec chaque résultat
Percentile par nombre de réponses
Votre historique - résultats
Vous n’avez pas pris ce quiz